| 000 | 00849nac a22002897a 4500 | ||
|---|---|---|---|
| 001 | BR0405806 | ||
| 003 | BR-BrBNA | ||
| 005 | 20240105123052.0 | ||
| 008 | 230509b bl.|||m| |||| 00| 0 por d | ||
| 040 |
_aBR-BrBNA _bpor _cBiblioteca Nacional de Agricultura |
||
| 041 | _a(Pt) | ||
| 072 | _aE16 | ||
| 090 | _aE16 BR0405806 | ||
| 110 | 1 |
_aConfederação da Agricultura e Pecuária do Brasil, Brasília, DF (Brasil) _92548 |
|
| 245 | 1 | _aIndicadores pecuários: junho de 2004 | |
| 260 | 3 |
_aBrasília, DF (Brasil): _c2004. |
|
| 300 | _a4 p. | ||
| 490 |
_aIndicadores Pecuários (Brazil) _vv. 3(15) _x |
||
| 500 | _a5 illus. | ||
| 650 | _aPECUÁRIA | ||
| 650 | _aPREÇO | ||
| 650 | _aCUSTO DE PRODUÇÃO | ||
| 650 | _aINSUMO | ||
| 650 | _aDADOS ESTATÍSTICOS | ||
| 909 |
_a202312 _bLúcia Elande _c55 _dLúcia Elande |
||
| 942 |
_2AGRIS _n0 _cMS |
||
| 999 |
_c293864 _d293864 |
||